00504nam a2200145 a 450000500170000000800410001702000180005805000280007610000180010424500600012226000300018230000090021299900190022195201180024020140412111302.0110408s19uu xx 00 eng d a0-590-06882-2 aTR(GS 372.272bS52 1997 aShafer, Susan aWriting effective report card comments /cSusan Shafer. aUSA :bScholastic,c1997. a64p. c103475d103475 001040aELbELcTRd2011-04-08eLib. Fundl0oTR(GS 372.272 S52 1997pE4951r2014-04-12 00:00:00w2014-04-12yBK